Report Of The Finance Committee On The Loan And Financing Agreement Between The Government Of The Republic Of Ghana And Kreditanstalt Fur Wiederaufbau (KFW), Frankfurt Am Main For A Loan Amount Of Thirteen Million Euros (EUR13,OOO,OOO.OO) And Financial Contribution Of An Amount Of One Million Euros (EUR1,000,000.00) To Co-finance The Establishment Of A Deposit Protection Scheme In Ghana (Record no. 1126)

MARC details
000 -LEADER
fixed length control field 01029nam a2200157Ia 4500
008 - FIXED-LENGTH DATA ELEMENTS--GENERAL INFORMATION
fixed length control field 240428s9999||||xx |||||||||||||| ||und||
041 ## - LANGUAGE CODE
Language code of text/sound track or separate title eng
082 ## - DEWEY DECIMAL CLASSIFICATION NUMBER
Classification number BE/EDPS/18
100 ## - MAIN ENTRY--PERSONAL NAME
Personal name Ministry of Finance
245 #0 - TITLE STATEMENT
Title Report Of The Finance Committee On The Loan And Financing Agreement Between The Government Of The Republic Of Ghana And Kreditanstalt Fur Wiederaufbau (KFW), Frankfurt Am Main For A Loan Amount Of Thirteen Million Euros (EUR13,OOO,OOO.OO) And Financial Contribution Of An Amount Of One Million Euros (EUR1,000,000.00) To Co-finance The Establishment Of A Deposit Protection Scheme In Ghana
260 ## - PUBLICATION, DISTRIBUTION, ETC.
Name of publisher, distributor, etc. Ministry of Finance
Place of publication, distribution, etc. Accra
Date of publication, distribution, etc. 2018
300 ## - PHYSICAL DESCRIPTION
Extent 5p; tabs.
650 ## - SUBJECT ADDED ENTRY--TOPICAL TERM
Topical term or geographic name entry element Loan And Financing Agreement Between The Government Of The Republic Of Ghana And Kreditanstalt Fur W - Frankfurt Am Main For A Loan Amount Of Thirteen Million Euros (EUR13,OOO,OOO.OO) And Financial - Contribution Of An Amount Of One Million Euros (EUR1,000,000.00) To Co-finance The Establishment Of
942 ## - ADDED ENTRY ELEMENTS (KOHA)
Koha item type E-resources & Electronic Documnets
Holdings
Withdrawn status Lost status Damaged status Not for loan Home library Current library Shelving location Date acquired Total checkouts Full call number Date last seen Copy number Price effective from Koha item type
        Main Library Main Library Open Shelves 08/06/2022   BE/EDPS/18/766 29/04/2024 1 29/04/2024 E-resources & Electronic Documnets
©2026  Parliament of Ghana Library - All rights reserved